[Event "Ïåðâåíñòâà Ìîñêâû"]
[Site "ÐœÐ¾Ñ�ÐºÐ²Ð°, ÐœÐ“Ð˜ÐœÐž Ð¿Ñ€."]
[Date "2018.11.18"]
[Round "1.1"]
[White "Èâàíîâà Àíàñòàñèÿ, Ð�Ð½Ð°Ñ�Ñ‚Ð°Ñ�Ð¸Ñ�."]
[Black "Èëüèíà Ëàäà, Ð›Ð°Ð´Ð°."]
[Result "1/2-1/2"]
[WhiteElo "1696"]
[BlackElo "2036"]
[PlyCount "162"]
[EventDate "2018.11.18"]

1. e4 e6 2. d4 d5 3. Bd3 c5 4. exd5 exd5 5. Nf3 Nf6 6. O-O Be7 7. dxc5 Nc6 8.
Be3 Ng4 9. Bd4 O-O 10. h3 Nf6 11. Be3 Nd7 12. Nc3 Nxc5 13. Nxd5 Nxd3 14. Qxd3
Be6 15. Nxe7+ Qxe7 16. Ng5 g6 17. Nxe6 Qxe6 18. Bh6 Rfc8 19. c3 Qf6 20. Qb5 Re8
21. Bg5 Qd6 22. Rad1 Qc7 23. Rfe1 Kg7 24. Qd5 Rxe1+ 25. Rxe1 f6 26. Bh4 Rd8 27.
Qe6 Qf4 28. Qb3 Rd7 29. Bg3 Qd2 30. Rf1 Ne7 31. Qe6 Nf5 32. Bf4 Qd3 33. Qe1 Qc4
34. Bc1 Qxa2 35. Qe4 Re7 36. Qd3 Qe6 37. Rd1 h5 38. Bf4 h4 39. Qd8 g5 40. Bd6
Re8 41. Qc7+ Kg6 42. Ba3 Qb3 43. Qd7 Re2 44. Qd3 Qe6 45. Qd5 Re1+ 46. Kh2 Qxd5
47. Rxd5 Rf1 48. Rd2 Ng7 49. Bc5 b6 50. Be3 Nf5 51. Rd7 Nxe3 52. fxe3 Ra1 53.
g3 Ra2 54. Rd2 Kf5 55. gxh4 gxh4 56. Kg2 a5 57. Kf3 Ke5 58. e4 Ra1 59. Rd5+ Ke6
60. Rb5 Rg1 61. Rxb6+ Ke7 62. Rb5 Rg3+ 63. Kf2 Rxh3 64. Kg2 Re3 65. Rxa5 Rxe4
66. Kh3 Ke6 67. Rh5 Re2 68. Rxh4 Rxb2 69. Re4+ Kd5 70. Rf4 Ke5 71. Rf3 f5 72.
Kg3 Re2 73. Rf2 Re3+ 74. Rf3 Ke4 75. Rxe3+ Kxe3 76. Kg2 Ke2 77. Kg3 Ke3 78. Kg2
f4 79. Kf1 f3 80. c4 Kd4 81. Kf2 Kxc4 1/2-1/2

[Event "Ïåðâåíñòâà Ìîñêâû"]
[Site "ÐœÐ¾Ñ�ÐºÐ²Ð°, ÐœÐ“Ð˜ÐœÐž Ð¿Ñ€."]
[Date "2018.11.18"]
[Round "1.2"]
[White "Íóð-Ìóõàìåòîâà À, Ð�Ð»Ð¸Ñ�Ð°."]
[Black "Õà÷àòðÿí Í, Ð�Ð°Ð´ÐµÐ¶Ð´Ð°."]
[Result "0-1"]
[WhiteElo "2017"]
[BlackElo "1706"]
[PlyCount "150"]
[EventDate "2018.11.18"]

1. Nf3 d5 2. g3 Nc6 3. d4 Bg4 4. Bg2 Qd7 5. O-O O-O-O 6. Re1 f6 7. Bf4 e6 8. c3
g5 9. Bd2 Bf5 10. b4 Kb8 11. a4 Bd6 12. Na3 h5 13. h4 g4 14. Nh2 Nge7 15. b5
Na5 16. c4 Nxc4 17. Nxc4 dxc4 18. e4 Bg6 19. Qc2 e5 20. dxe5 Bxe5 21. Bc3 Qe6
22. Rac1 Bf7 23. Bf1 Bd4 24. Red1 Bxc3 25. Qxc3 Rxd1 26. Rxd1 Nc8 27. Rd5 Qxe4
28. Rd4 Qe5 29. Bxc4 Rd8 30. Rd3 Qxc3 31. Rxc3 Bxc4 32. Rxc4 Nd6 33. Rc5 f5 34.
Nf1 b6 35. Rd5 Kb7 36. Ne3 Rf8 37. Ng2 a6 38. Nf4 axb5 39. axb5 Rh8 40. Re5 Rh7
41. Rd5 Kc8 42. Ne6 Kb7 43. Nd4 Rf7 44. Re5 Kc8 45. Nc6 Rf8 46. Nd4 Kd7 47. Rd5
Rf7 48. Kg2 Rf8 49. f3 Rf7 50. fxg4 hxg4 51. Nc6 Rf6 52. Nd4 Rf7 53. Nc6 Rf6
54. Kf2 Ke6 55. Re5+ Kd7 56. Re7+ Kc8 57. Nd4 Ne4+ 58. Kg2 Nd6 59. Kf2 Ne4+ 60.
Kg2 Nd6 61. Kf2 Ne4+ 62. Ke3 Nxg3 63. Kf4 Ne4 64. Re8+ Kd7 65. Rg8 Rf7 66. h5
Nf6 67. Rh8 Nd5+ 68. Kg5 Ne7 69. h6 g3 70. Nf3 Ke6 71. h7 g2 72. Kh6 Rf6+ 73.
Kh5 Rf7 74. Ng5+ Kf6 75. Nf3 Ng6 0-1

[Event "Ïåðâåíñòâà Ìîñêâû"]
[Site "ÐœÐ¾Ñ�ÐºÐ²Ð°, ÐœÐ“Ð˜ÐœÐž Ð¿Ñ€."]
[Date "2018.11.18"]
[Round "1.3"]
[White "Èâàíîâà Ì, ÐœÐ°Ñ€Ð¸Ñ�."]
[Black "Ñòðóêîâà Ê, ÐšÑ�ÐµÐ½Ð¸Ñ�."]
[Result "1-0"]
[WhiteElo "1498"]
[BlackElo "2013"]
[PlyCount "93"]
[EventDate "2018.11.18"]

1. d4 Nf6 2. Bg5 g6 3. Bxf6 exf6 4. e3 Bg7 5. g3 d5 6. Bg2 O-O 7. Ne2 Bg4 8. c4
Be6 9. Nf4 c6 10. cxd5 cxd5 11. Nc3 g5 12. Nfxd5 Nc6 13. O-O Rc8 14. a3 Na5 15.
Nb4 Bc4 16. Re1 Re8 17. Nd3 Nb3 18. Rb1 Qb6 19. Nc1 Nxc1 20. Qxc1 f5 21. Qd2
Qb3 22. Qd1 Qb6 23. Qf3 Bd3 24. Rbd1 Qxb2 25. Rxd3 Rxc3 26. Qxf5 Rxd3 27. Qxd3
Bf8 28. Rb1 Qxa3 29. Qxa3 Bxa3 30. Rxb7 a5 31. Bd5 Rf8 32. Bb3 Bb4 33. d5 Rd8
34. Rc7 Kg7 35. Rc6 Bd6 36. Ra6 Bb4 37. e4 Rd6 38. Ra8 Bc3 39. Rb8 Bd4 40. Kg2
Kf6 41. f4 gxf4 42. gxf4 Ke7 43. e5 Rg6+ 44. Kf3 f6 45. d6+ Kd7 46. Ba4+ Ke6
47. d7 1-0

[Event "Ïåðâåíñòâà Ìîñêâû"]
[Site "ÐœÐ¾Ñ�ÐºÐ²Ð°, ÐœÐ“Ð˜ÐœÐž Ð¿Ñ€."]
[Date "2018.11.18"]
[Round "1.4"]
[White "Çàéöåâà Ë, Ð›ÑŽÐ´Ð¼Ð¸Ð»Ð°."]
[Black "Êîìàðîâà Â, Ð’Ð¸ÐºÑ‚Ð¾Ñ€Ð¸Ñ�."]
[Result "0-1"]
[WhiteElo "1981"]
[BlackElo "1424"]
[PlyCount "74"]
[EventDate "2018.11.18"]

1. d4 Nf6 2. c4 e6 3. Nc3 Bb4 4. e3 O-O 5. Bd3 d5 6. a3 Bxc3+ 7. bxc3 b6 8. Ne2
Ba6 9. cxd5 Bxd3 10. Qxd3 exd5 11. O-O Nc6 12. f3 Na5 13. e4 Nb3 14. e5 Nxa1
15. exf6 Qxf6 16. Qb1 Rfe8 17. Nf4 c6 18. Qxa1 Qf5 19. Qb2 Re7 20. Qf2 Rae8 21.
g4 Qf6 22. Nh5 Qg6 23. Ng3 Qd3 24. Qd2 Re3 25. Qf2 R3e7 26. Nf5 Re2 27. Qh4
Qxc3 28. Qg5 g6 29. Nh6+ Kg7 30. Qf4 f6 31. g5 f5 32. h4 Re1 33. Bd2 Rxf1+ 34.
Kxf1 Qd3+ 35. Kg1 Qe2 36. Qc7+ Re7 37. Qf4 Qd1+ 0-1

[Event "Ïåðâåíñòâà Ìîñêâû"]
[Site "ÐœÐ¾Ñ�ÐºÐ²Ð°, ÐœÐ“Ð˜ÐœÐž Ð¿Ñ€."]
[Date "2018.11.18"]
[Round "1.5"]
[White "Àíäðþøå÷êèíà Å, Ð•ÐºÐ°Ñ‚ÐµÑ€Ð¸Ð½Ð°."]
[Black "Ãèðøãîðí Ì, ÐœÐ°Ñ€Ð¸Ñ�."]
[Result "0-1"]
[WhiteElo "1323"]
[BlackElo "1949"]
[PlyCount "138"]
[EventDate "2018.11.18"]

1. e4 c6 2. d4 d5 3. Nd2 dxe4 4. Nxe4 Nf6 5. Ng3 h5 6. h4 Bg4 7. Be2 Bxe2 8.
N1xe2 e6 9. Bf4 Nbd7 10. Qd3 Be7 11. Nc3 Nd5 12. Nxd5 cxd5 13. O-O-O Nf6 14.
Bg5 Ng4 15. Qd2 Rc8 16. Bxe7 Qxe7 17. f3 Nf6 18. Ne2 Rc4 19. Qf4 O-O 20. Nc3
Rfc8 21. Rd2 a6 22. g4 b5 23. Qg5 b4 24. Nb1 Qc7 25. Rhh2 Qg3 26. Qe5 Qxe5 27.
dxe5 Nd7 28. gxh5 Nxe5 29. Rh3 Rf4 30. a3 a5 31. h6 gxh6 32. Rg3+ Kf8 33. h5
Rxf3 34. Rxf3 Nxf3 35. Rf2 Ne5 36. Kd1 Rc4 37. axb4 axb4 38. Rh2 Ng4 39. Re2
Nf6 40. Rh2 Rg4 41. Nd2 e5 42. Nf3 e4 43. Nd4 Rf4 44. Ke2 Nd7 45. Ke3 Rf6 46.
c3 Ne5 47. Ke2 bxc3 48. bxc3 Nc4 49. Nc2 Rf3 50. Nb4 Rxc3 51. Rh4 Re3+ 52. Kf2
Rf3+ 53. Ke2 Rf5 54. Nc2 Rg5 55. Nd4 Nd6 56. Ke3 Nf5+ 57. Nxf5 Rxf5 58. Kd4 Ke7
59. Rh2 Rg5 60. Ke3 Rg3+ 61. Kd4 Kd6 62. Rd2 Rh3 63. Rd1 f5 64. Rd2 f4 65. Rd1
Ra3 66. Rd2 f3 67. Rd1 f2 68. Rd2 f1=Q 69. Rd1 Qxd1# 0-1

[Event "Ïåðâåíñòâà Ìîñêâû"]
[Site "ÐœÐ¾Ñ�ÐºÐ²Ð°, ÐœÐ“Ð˜ÐœÐž Ð¿Ñ€."]
[Date "2018.11.18"]
[Round "1.6"]
[White "Êà÷àòàðÿí Ì, ÐœÐ°Ñ€Ð¸ÐµÑ‚Ð°."]
[Black "Áûñòðîâà À, Ð�Ð½Ð½Ð°."]
[Result "1-0"]
[WhiteElo "1845"]
[BlackElo "1329"]
[PlyCount "128"]
[EventDate "2018.11.18"]

1. e4 e5 2. Nf3 Nc6 3. Nc3 Bc5 4. Nxe5 Bxf2+ 5. Kxf2 Nxe5 6. Be2 d6 7. Rf1 Nf6
8. Kg1 h6 9. d4 Ng6 10. Bf4 Qe7 11. Bg3 Bd7 12. Bf3 O-O 13. Qe2 Rae8 14. Rfe1
Qd8 15. h3 Re7 16. Qf2 Rfe8 17. Rad1 Qc8 18. Re2 b6 19. Rde1 Be6 20. a3 a6 21.
a4 Qd7 22. d5 Bxh3 23. gxh3 Qxh3 24. Qh2 Qd7 25. Bh4 Nxh4 26. Qxh4 Kh7 27. Qf4
Re5 28. Kf2 Rg5 29. Rg1 Rxg1 30. Kxg1 Re5 31. Rg2 Kh8 32. Bg4 Nxg4 33. Qxg4
Qxg4 34. Rxg4 Kh7 35. Kf2 Rh5 36. Ne2 Rh1 37. Nd4 Rd1 38. Ke3 Rf1 39. Rf4 Rxf4
40. Kxf4 Kg6 41. Nf3 Kf6 42. Kg4 g6 43. b4 Ke7 44. c4 Kd7 45. Kf4 c5 46. dxc6+
Kxc6 47. Nd4+ Kd7 48. e5 Kc7 49. Ke4 Kd7 50. Kd5 dxe5 51. Kxe5 h5 52. Kf6 Ke8
53. Nf3 Kf8 54. Ne5 h4 55. Nf3 h3 56. Kg5 Ke7 57. Kg4 Kd6 58. Kxh3 a5 59. b5
Kc5 60. Ne5 Kd6 61. Nd3 f5 62. Kh4 Ke6 63. Kg5 Kf7 64. Nf4 Ke7 1-0

[Event "Ïåðâåíñòâà Ìîñêâû"]
[Site "ÐœÐ¾Ñ�ÐºÐ²Ð°, ÐœÐ“Ð˜ÐœÐž Ð¿Ñ€."]
[Date "2018.11.18"]
[Round "1.7"]
[White "Ïàíèíà Ñ, Ð¡Ð¾Ñ„ÑŒÑ�."]
[Black "Ýôåíäèåâà À, Ð�Ð»Ð¸Ð½Ð°."]
[Result "0-1"]
[WhiteElo "1354"]
[BlackElo "1787"]
[PlyCount "56"]
[EventDate "2018.11.18"]

1. d4 d5 2. c4 e6 3. Nc3 c5 4. cxd5 exd5 5. Nf3 Nc6 6. e3 c4 7. Be2 Nf6 8. O-O
a6 9. Ne5 Bd6 10. Nxc6 bxc6 11. Bf3 Qc7 12. g3 h5 13. e4 dxe4 14. Nxe4 Nxe4 15.
Bxe4 h4 16. Qf3 Bd7 17. Re1 O-O-O 18. b3 hxg3 19. fxg3 c3 20. Qd3 Qa5 21. a3
Rde8 22. Re2 Bg4 23. Bf3 Bxf3 24. Qxf3 Rxe2 25. Qxe2 Kb7 26. Qg4 Qd5 27. Qd1
Bxg3 28. Be3 Rxh2 0-1

[Event "Ïåðâåíñòâà Ìîñêâû"]
[Site "ÐœÐ¾Ñ�ÐºÐ²Ð°, ÐœÐ“Ð˜ÐœÐž Ð¿Ñ€."]
[Date "2018.11.18"]
[Round "1.8"]
[White "Êîêóåâà À, Ð�Ð»Ð¸Ñ�Ð°."]
[Black "Îáóõîâà ß, Ð¯Ð½Ð°."]
[Result "1-0"]
[WhiteElo "1717"]
[BlackElo "1388"]
[PlyCount "65"]
[EventDate "2018.11.18"]

1. e4 e5 2. Nf3 Nc6 3. Bc4 Be7 4. d4 exd4 5. Nxd4 d6 6. Nc3 Nf6 7. h3 O-O 8.
Be3 Nxd4 9. Bxd4 Be6 10. Bxe6 fxe6 11. Qe2 e5 12. Be3 h6 13. O-O-O Rf7 14. g4
Kf8 15. h4 Ng8 16. Nd5 Bxh4 17. f4 Bg3 18. Rhf1 Nf6 19. Nxf6 Rxf6 20. g5 hxg5
21. fxg5 Rxf1 22. Rxf1+ Bf4 23. Bxf4 exf4 24. Rxf4+ Ke7 25. Qc4 d5 26. exd5 Qd6
27. Qe4+ Kd7 28. Qf5+ Ke8 29. Qf7+ Kd8 30. Qf8+ Qxf8 31. Rxf8+ Kd7 32. Rxa8 a6
33. Rg8 1-0

[Event "Ïåðâåíñòâà Ìîñêâû"]
[Site "ÐœÐ¾Ñ�ÐºÐ²Ð°, ÐœÐ“Ð˜ÐœÐž Ð¿Ñ€."]
[Date "2018.11.18"]
[Round "1.9"]
[White "Áåçåíêèíà Å, Ð•ÐºÐ°Ñ‚ÐµÑ€Ð¸Ð½Ð°."]
[Black "Ãðàíîâñêàÿ Å, Ð•ÐºÐ°Ñ‚ÐµÑ€Ð¸Ð½Ð°."]
[Result "0-1"]
[WhiteElo "1311"]
[BlackElo "1759"]
[PlyCount "81"]
[EventDate "2018.11.18"]

1. e4 e5 2. Nf3 Nc6 3. Nc3 Nf6 4. d4 exd4 5. Nxd4 Bb4 6. Nxc6 bxc6 7. Bd3 O-O
8. O-O Re8 9. Re1 d5 10. exd5 Rxe1+ 11. Qxe1 cxd5 12. Bg5 Be6 13. Bxf6 Qxf6 14.
Nxd5 Bxd5 15. Qxb4 a5 16. Qb5 c6 17. Qb7 Qd8 18. b3 c5 19. Qb5 Qg5 20. g3 Qe5
21. Rb1 Rc8 22. Qd7 Be6 23. Qb7 Rb8 24. Qe4 Qxe4 25. Bxe4 c4 26. Rd1 cxb3 27.
axb3 g6 28. Kf1 Rb4 29. Rd8+ Kg7 30. Bd3 a4 31. bxa4 Rxa4 32. Ke2 Kf6 33. Ke3
Ke7 34. Rd4 Ra5 35. Rh4 h5 36. Bc4 Bg4 37. f3 g5 38. fxg4 gxh4 39. gxh5 hxg3
40. Kf4 Ra4 41. Kg4 0-1

[Event "Ïåðâåíñòâî Ìîñêâû"]
[Site "ÐœÐ¾Ñ�ÐºÐ²Ð°, ÐœÐ“Ð˜ÐœÐž Ð¿Ñ€."]
[Date "2018.11.19"]
[Round "2.1"]
[White "Ãèðøãîðí Ì"]
[Black "Ãðàíîâñêàÿ Å"]
[Result "1-0"]
[WhiteElo "1949"]
[BlackElo "1759"]
[PlyCount "111"]
[EventDate "2018.11.18"]

1. d4 Nf6 2. Nf3 d5 3. g3 b5 4. Bg2 e6 5. O-O Nbd7 6. Ne5 Bb7 7. Bf4 Bd6 8. Nd2
a5 9. Ndf3 O-O 10. c3 Ne8 11. b3 Qe7 12. Qc2 f6 13. Nxd7 Qxd7 14. Bd2 c5 15. a4
bxa4 16. Rxa4 Bc6 17. Raa1 c4 18. bxc4 dxc4 19. e4 a4 20. d5 Bb7 21. e5 Bc5 22.
exf6 Nxf6 23. dxe6 Qc6 24. Nh4 Nd5 25. e7 Bxe7 26. Nf5 Bc5 27. Be3 Rae8 28.
Bxc5 Qxc5 29. Nd4 a3 30. Rfb1 Ba6 31. Re1 Nc7 32. Rxe8 Rxe8 33. Qa4 Bb5 34.
Qxa3 Re1+ 35. Bf1 Qxa3 36. Rxa3 Bd7 37. Nf3 Rd1 38. Kg2 Bh3+ 39. Kxh3 Rxf1 40.
Kg2 Rc1 41. Ng5 g6 42. Ne4 Nb5 43. Ra8+ Kg7 44. Rc8 Nxc3 45. Rxc4 Ne2 46. Rb4
Rc7 47. Ng5 Kf6 48. h4 Re7 49. Rb6+ Kg7 50. Rd6 Nc3 51. Ne6+ Kf7 52. Ng5+ Kg7
53. Rc6 Nd5 54. Rc5 Nf6 55. Rc2 Re8 56. f3 {çàïèñü íå ÿñíà} 1-0

[Event "Ïåðâåíñòâî Ìîñêâû"]
[Site "ÐœÐ¾Ñ�ÐºÐ²Ð°, ÐœÐ“Ð˜ÐœÐž Ð¿Ñ€."]
[Date "2018.11.19"]
[Round "2.2"]
[White "Õà÷àòàðÿí Í"]
[Black "Õà÷àòàðÿí Ì"]
[Result "1/2-1/2"]
[WhiteElo "1706"]
[BlackElo "1845"]
[PlyCount "81"]
[EventDate "2018.11.18"]

1. e4 c6 2. d4 d5 3. Nc3 dxe4 4. Nxe4 Bf5 5. Ng3 Bg6 6. Nf3 Nd7 7. h4 h6 8. h5
Bh7 9. Bd3 Bxd3 10. Qxd3 e6 11. Bf4 Qa5+ 12. Bd2 Bb4 13. c3 Be7 14. c4 Qc7 15.
O-O-O Ngf6 16. Ne4 O-O 17. Kb1 Nxe4 18. Qxe4 Nf6 19. Qe5 Qxe5 20. Nxe5 Ne4 21.
Be3 Bf6 22. Nd7 Rfd8 23. Nxf6+ Nxf6 24. Kc2 Ng4 25. Rhe1 Nxe3+ 26. Rxe3 Rd7 27.
Red3 Rad8 28. Kc3 Kf8 29. g4 Ke7 30. c5 Rd5 31. f3 Kf6 32. f4 Ke7 33. Kc4 R8d7
34. a4 Rd8 35. a5 a6 36. b4 R8d7 37. Kc3 Kf6 38. R1d2 Rd8 39. Kc2 Ke7 40. Rd1
Kf6 41. R1d2 1/2-1/2

[Event "Ïåðâåíñòâî Ìîñêâû"]
[Site "ÐœÐ¾Ñ�ÐºÐ²Ð°, ÐœÐ“Ð˜ÐœÐž Ð¿Ñ€."]
[Date "2018.11.19"]
[Round "2.3"]
[White "Ýôåíäèåâà À"]
[Black "Èâàíîâà Ì"]
[Result "1-0"]
[WhiteElo "1787"]
[BlackElo "1498"]
[PlyCount "51"]
[EventDate "2018.11.18"]

1. e4 c5 2. Nf3 e6 3. d4 cxd4 4. Nxd4 Nc6 5. Nc3 Qc7 6. Be3 a6 7. Qd2 Nf6 8.
O-O-O Be7 9. f3 b5 10. Nxc6 dxc6 11. g4 Bb7 12. Qf2 c5 13. h4 c4 14. Kb1 Bc6
15. Ne2 a5 16. Nd4 Bd7 17. g5 Nh5 18. f4 e5 19. fxe5 Qxe5 20. Rg1 Bd6 21. Nf3
Qe7 22. e5 Bxe5 23. Nxe5 Qxe5 24. Bd4 Qe7 25. Bc5 Qd8 26. Qe2+ 1-0

[Event "Ïåðâåíñòâî Ìîñêâû"]
[Site "ÐœÐ¾Ñ�ÐºÐ²Ð°, ÐœÐ“Ð˜ÐœÐž Ð¿Ñ€."]
[Date "2018.11.19"]
[Round "2.4"]
[White "Êîìàðîâà Â"]
[Black "Êîêóåâà À"]
[Result "1-0"]
[WhiteElo "1424"]
[BlackElo "1717"]
[PlyCount "69"]
[EventDate "2018.11.18"]

1. d4 Nf6 2. c4 c5 3. d5 b5 4. cxb5 a6 5. b6 e6 6. Nc3 exd5 7. Nxd5 Nxd5 8.
Qxd5 Nc6 9. Nf3 Be7 10. Ne5 O-O 11. Nxc6 dxc6 12. Qxd8 Rxd8 13. Bf4 Bf6 14. Rd1
Rxd1+ 15. Kxd1 Bxb2 16. e3 Bf6 17. Bc7 Bb7 18. Bc4 Bd8 19. Bxd8 Rxd8+ 20. Kc2
Kf8 21. Rd1 Rxd1 22. Kxd1 Ke7 23. Kc2 f6 24. Kb3 Kd7 25. Ka4 Kc8 26. Be6+ Kb8
27. Kb3 a5 28. Kc4 Ba6+ 29. Kxc5 Bb5 30. Bc4 Ba4 31. Bb3 Bb5 32. a4 Bf1 33.
Kxc6 Bxg2+ 34. Kb5 Kb7 35. Kxa5 1-0

[Event "Ïåðâåíñòâî Ìîñêâû"]
[Site "ÐœÐ¾Ñ�ÐºÐ²Ð°, ÐœÐ“Ð˜ÐœÐž Ð¿Ñ€."]
[Date "2018.11.19"]
[Round "2.5"]
[White "Èëüèíà Ë"]
[Black "Íóð-Ìóõàìåòîâà À"]
[Result "1-0"]
[WhiteElo "2036"]
[BlackElo "2017"]
[PlyCount "89"]
[EventDate "2018.11.18"]

1. e4 e6 2. Nc3 c5 3. g3 Nc6 4. Bg2 g6 5. d3 Bg7 6. f4 Nge7 7. Nf3 d6 8. O-O
O-O 9. Ne2 e5 10. c3 f5 11. Qb3+ Kh8 12. Ng5 Qe8 13. Be3 fxe4 14. dxe4 Na5 15.
Qd1 Nc4 16. Bc1 h6 17. Nf3 exf4 18. b3 Ne5 19. gxf4 Nxf3+ 20. Bxf3 Bh3 21. Re1
Rd8 22. Bb2 d5 23. exd5 Qf7 24. Qd3 Bf5 25. Qc4 Nxd5 26. Qxc5 b6 27. Qf2 Nb4
28. cxb4 Bxb2 29. Rad1 Bc2 30. Rxd8 Rxd8 31. Qh4 Qf8 32. Ng3 Bf6 33. Qg4 Qxb4
34. Rf1 Qe7 35. Bg2 Bd3 36. Rd1 Qc5+ 37. Kh1 Qc2 38. Qf3 Ba6 39. Rxd8+ Bxd8 40.
h3 Qxa2 41. Qc3+ Kh7 42. f5 Qb1+ 43. Kh2 gxf5 44. Nh5 Kg6 45. Qg7+ 1-0

[Event "Ïåðâåíñòâî Ìîñêâû"]
[Site "ÐœÐ¾Ñ�ÐºÐ²Ð°, ÐœÐ“Ð˜ÐœÐž Ð¿Ñ€."]
[Date "2018.11.19"]
[Round "2.6"]
[White "Ñòðóêîâà Ê"]
[Black "Èâàíîâà À"]
[Result "1-0"]
[WhiteElo "2013"]
[BlackElo "1696"]
[PlyCount "61"]
[EventDate "2018.11.18"]

1. e4 c5 2. Nf3 d6 3. d4 cxd4 4. Nxd4 Nf6 5. Nc3 a6 6. Be2 e5 7. Nb3 Be7 8. Be3
Be6 9. Qd3 b5 10. Nd5 Bxd5 11. exd5 Nbd7 12. a4 Rb8 13. axb5 axb5 14. Na5 Ra8
15. b4 Qc7 16. O-O e4 17. Qxb5 Qxc2 18. Rfc1 Qb2 19. Rab1 Qe5 20. Qb7 Rb8 21.
Rc8+ Bd8 22. Rxb8 Nxb8 23. Qxb8 O-O 24. Nc6 Qe8 25. Nxd8 Qxd8 26. Qxd8 Rxd8 27.
Bg5 Rb8 28. Bxf6 gxf6 29. Ba6 Kf8 30. b5 Ke7 31. b6 1-0

[Event "Ïåðâåíñòâî Ìîñêâû"]
[Site "ÐœÐ¾Ñ�ÐºÐ²Ð°, ÐœÐ“Ð˜ÐœÐž Ð¿Ñ€."]
[Date "2018.11.19"]
[Round "2.7"]
[White "Ïàíèíà Ñ"]
[Black "Çàéöåâà Ë"]
[Result "0-1"]
[WhiteElo "1354"]
[BlackElo "1981"]
[PlyCount "83"]
[EventDate "2018.11.18"]

1. d4 Nf6 2. c4 g6 3. Nc3 Bg7 4. Bf4 O-O 5. e3 c5 6. Nf3 d6 7. dxc5 dxc5 8. Be2
Nc6 9. O-O Bf5 10. Qb3 b6 11. Rfd1 Qc8 12. Ne5 Nxe5 13. Bxe5 Qe6 14. Bf4 Ne4
15. Nd5 g5 16. Bg3 Nxg3 17. hxg3 Rac8 18. Bd3 Rfe8 19. Qb5 Bxd3 20. Rxd3 Qc6
21. Qxc6 Rxc6 22. Rd2 Kf8 23. Nc3 Bxc3 24. bxc3 Rd6 25. Rxd6 exd6 26. Rd1 Re6
27. Rd5 h6 28. Kf1 Ke7 29. Ke2 Rg6 30. Rd1 f5 31. Rg1 Ke6 32. Kd3 Ke5 33. f3 h5
34. f4+ Kf6 35. e4 gxf4 36. gxf4 Rg3+ 37. Kd2 fxe4 38. Kc2 Kf5 39. Kd2 Kxf4 40.
Rf1+ Ke5 41. Rf7 Rxg2+ 42. Ke3 0-1

[Event "Ïåðâåíñòâî Ìîñêâû"]
[Site "ÐœÐ¾Ñ�ÐºÐ²Ð°, ÐœÐ“Ð˜ÐœÐž Ð¿Ñ€."]
[Date "2018.11.19"]
[Round "2.8"]
[White "Îáðóêîâà ß"]
[Black "Àíäðþøêåâè÷ Å"]
[Result "0-1"]
[WhiteElo "1388"]
[BlackElo "1323"]
[PlyCount "74"]
[EventDate "2018.11.18"]

1. e4 e5 2. Nf3 Nc6 3. Bb5 a6 4. Ba4 Nf6 5. Nc3 d6 6. d3 Be7 7. Nd5 O-O 8.
Nxe7+ Nxe7 9. h3 Ng6 10. O-O c6 11. Nh2 d5 12. exd5 Nxd5 13. Ng4 Qd6 14. Qf3
Ndf4 15. Re1 Nh4 16. Qg3 Nf5 17. Qh2 f6 18. Bb3+ Kh8 19. g3 Ng6 20. Qg2 Nd4 21.
Qe4 f5 22. Qe3 fxg4 23. hxg4 Nf3+ 24. Kg2 Nxe1+ 25. Qxe1 Bxg4 26. Be3 Qf6 27.
Kh2 Nh4 28. Qh1 Bf3 29. Qf1 Nf5 30. Bc5 Rfe8 31. Qh3 Nh6 32. Re1 e4 33. dxe4
Rxe4 34. Rxe4 Bxe4 35. c3 Qf3 36. Kg1 Ng4 37. Be6 Nh2 0-1

[Event "Ïåðâåíñòâî Ìîñêâû"]
[Site "ÐœÐ¾Ñ�ÐºÐ²Ð°, ÐœÐ“Ð˜ÐœÐž Ð¿Ñ€."]
[Date "2018.11.19"]
[Round "2.9"]
[White "Áûñòðîâà "]
[Black "Áåçåíêèíà "]
[Result "1/2-1/2"]
[WhiteElo "1329"]
[BlackElo "1311"]
[PlyCount "80"]
[EventDate "2018.11.18"]

1. e4 c5 2. Nf3 g6 3. d4 cxd4 4. Nxd4 Bg7 5. c3 Nc6 6. Be3 Nf6 7. Nd2 O-O 8.
Bd3 d5 9. h3 e5 10. Nxc6 bxc6 11. O-O Be6 12. b3 Qd7 13. Kh2 Rfd8 14. Qe2 Nh5
15. c4 Nf4 16. Bxf4 exf4 17. Rad1 Qc7 18. Kh1 Qe5 19. exd5 Qxe2 20. Bxe2 cxd5
21. Bf3 Rac8 22. cxd5 Bxd5 23. Bxd5 Rxd5 24. Nc4 Rcd8 25. Rxd5 Rxd5 26. Re1 Bf6
27. Kg1 Kg7 28. Kf1 g5 29. Ke2 Kg6 30. Rd1 Rxd1 31. Kxd1 Bd4 32. Ke2 Kf5 33. f3
Ke6 34. Kd3 Kd5 35. Nd2 f5 36. Nc4 Bf6 37. Nd2 Bd4 38. Nc4 Bf6 39. Nd2 Bd4 40.
Nc4 Bf6 1/2-1/2

[Event "Ïåðâåíñòâî Ìîñêâû"]
[Site "ÐœÐ¾Ñ�ÐºÐ²Ð°, ÐœÐ“Ð˜ÐœÐž Ð¿Ñ€."]
[Date "2018.11.19"]
[Round "3.1"]
[White "Ýôåíäèåâà "]
[Black "Ãèðøãîðí "]
[Result "1-0"]
[WhiteElo "1787"]
[BlackElo "1949"]
[PlyCount "67"]
[EventDate "2018.11.18"]

1. e4 c6 2. d4 d5 3. Nc3 dxe4 4. Nxe4 Nf6 5. Nxf6+ exf6 6. c3 Bd6 7. Bd3 O-O 8.
Qc2 h6 9. Ne2 Be6 10. O-O Qc7 11. Ng3 Nd7 12. Bd2 c5 13. dxc5 Nxc5 14. Bh7+ Kh8
15. Bf5 Rad8 16. Be3 b6 17. Rfe1 Rfe8 18. Kh1 Bxg3 19. hxg3 Bxf5 20. Qxf5 Nd3
21. Re2 Re5 22. Qf3 Qe7 23. Rd2 Nc5 24. Rad1 Rxd2 25. Rxd2 Ne4 26. Rd1 Re6 27.
Qg4 Rd6 28. Qc8+ Kh7 29. Rd4 Re6 30. Rd8 Re5 31. Kg1 Ng5 32. g4 Qe6 33. Rh8+
Kg6 34. Rxh6+ 1-0

[Event "Ïåðâåíñòâî Ìîñêâû"]
[Site "ÐœÐ¾Ñ�ÐºÐ²Ð°, ÐœÐ“Ð˜ÐœÐž Ð¿Ñ€."]
[Date "2018.11.19"]
[Round "3.2"]
[White "Õà÷àòàðÿí "]
[Black "Êîìàðîâà "]
[Result "1/2-1/2"]
[WhiteElo "1845"]
[BlackElo "1424"]
[PlyCount "110"]
[EventDate "2018.11.18"]

1. e4 Nf6 2. e5 Nd5 3. d4 d6 4. c4 Nb6 5. exd6 exd6 6. Nc3 Be7 7. Be3 Bf6 8.
Be2 Nc6 9. Rc1 O-O 10. h3 Re8 11. Nf3 Bf5 12. O-O Ne7 13. d5 Bg6 14. Bd4 Bxd4
15. Nxd4 Nf5 16. Re1 a6 17. Nxf5 Bxf5 18. Qd4 Qg5 19. Kh1 h6 20. Bf3 Nd7 21.
Be4 Nc5 22. Rcd1 Qf4 23. f3 Bxe4 24. Nxe4 Nxe4 25. Rxe4 Rxe4 26. Qxe4 Qxe4 27.
fxe4 Re8 28. Rd4 Re5 29. g4 h5 30. Kg2 hxg4 31. hxg4 g6 32. Kf3 f5 33. gxf5
gxf5 34. b3 Rxe4 35. Rxe4 fxe4+ 36. Kxe4 Kf7 37. Kf5 b6 38. a3 Ke7 39. Kg6 Kf8
40. Kf6 Ke8 41. Ke6 Kd8 42. b4 a5 43. bxa5 bxa5 44. Kf5 Kc8 45. Ke4 Kb7 46. Kd3
Ka6 47. Kc3 Kb7 48. Kd3 Kb6 49. Kd4 a4 50. Kd3 Ka6 51. Kc3 Ka5 52. Kd4 Kb6 53.
Kd3 Ka6 54. Ke4 Kb7 55. Ke3 Ka6 1/2-1/2

[Event "Ïåðâåíñòâî Ìîñêâû"]
[Site "ÐœÐ¾Ñ�ÐºÐ²Ð°, ÐœÐ“Ð˜ÐœÐž Ð¿Ñ€."]
[Date "2018.11.19"]
[Round "3.3"]
[White "Õà÷àòàðÿí "]
[Black "Èëüèíà"]
[Result "1-0"]
[WhiteElo "1706"]
[BlackElo "2036"]
[PlyCount "91"]
[EventDate "2018.11.18"]

1. e4 d6 2. d4 g6 3. f4 Bg7 4. Nf3 Nf6 5. Nc3 O-O 6. e5 dxe5 7. fxe5 Nd5 8. Bc4
Nb6 9. Bb3 Nc6 10. O-O Bg4 11. Be3 Na5 12. Qd3 Bf5 13. Qe2 Nxb3 14. axb3 Nd5
15. Nxd5 Qxd5 16. c4 Qe4 17. Rac1 c5 18. dxc5 Bxe5 19. Nxe5 Qxe5 20. Qf2 Bd3
21. Rfe1 Qf5 22. Qxf5 Bxf5 23. Bg5 f6 24. Be3 Rfd8 25. Red1 Bg4 26. Rd5 Be6 27.
Rdd1 Kf7 28. h3 h5 29. Kf2 Bf5 30. b4 Ke8 31. b5 Rxd1 32. Rxd1 Bc2 33. Rc1 Bd3
34. Rc3 Be4 35. Ra3 a6 36. c6 bxc6 37. bxa6 Kd7 38. b4 e5 39. b5 cxb5 40. cxb5
Rc8 41. Ra2 Rc2+ 42. Rxc2 Bxc2 43. b6 Kc8 44. b7+ Kb8 45. Bc5 Kc7 46. Ba7 1-0

[Event "Ïåðâåíñòâî Ìîñêâû"]
[Site "ÐœÐ¾Ñ�ÐºÐ²Ð°, ÐœÐ“Ð˜ÐœÐž Ð¿Ñ€."]
[Date "2018.11.19"]
[Round "3.4"]
[White "Ãðàíîâñêàÿ "]
[Black "Ñòðóêîâà "]
[Result "1/2-1/2"]
[WhiteElo "1759"]
[BlackElo "2013"]
[PlyCount "92"]
[EventDate "2018.11.18"]

1. e4 c5 2. Nf3 e6 3. d4 cxd4 4. Nxd4 a6 5. Bd3 Qc7 6. O-O Nf6 7. c4 b6 8. Nc3
Bb7 9. Kh1 d6 10. f4 Nbd7 11. Qe2 h5 12. f5 e5 13. Nf3 Be7 14. Bd2 h4 15. Nd5
Bxd5 16. cxd5 Nc5 17. Rac1 Qd7 18. Bb1 a5 19. a3 Qa7 20. b4 axb4 21. axb4 Nb3
22. Rc2 Nxd2 23. Rxd2 Nd7 24. Ra2 Qb7 25. Bd3 Rxa2 26. Qxa2 Bf6 27. Bb5 Ke7 28.
Bc6 Qc7 29. Ra1 Rc8 30. Qa7 g5 31. h3 Qd8 32. Bxd7 Qxd7 33. Qxb6 Kf8 34. Ra7
Bd8 35. Qa6 Rc7 36. Rxc7 Qxc7 37. Qc6 Qb8 38. b5 f6 39. Nd2 Qa7 40. Qxd6+ Be7
41. Qa6 Qe3 42. Qc8+ Kg7 43. Nf3 Bc5 44. Qd7+ Kh6 45. Qf7 Qc1+ 46. Kh2 Qf4+
1/2-1/2

[Event "Ïåðâåíñòâî Ìîñêâû"]
[Site "ÐœÐ¾Ñ�ÐºÐ²Ð°, ÐœÐ“Ð˜ÐœÐž Ð¿Ñ€."]
[Date "2018.11.19"]
[Round "3.5"]
[White "Çàéöåâà "]
[Black "Èâàíîâà "]
[Result "1-0"]
[WhiteElo "1981"]
[BlackElo "1498"]
[PlyCount "65"]
[EventDate "2018.11.18"]

1. d4 Nf6 2. Nf3 g6 3. c4 c5 4. Nc3 cxd4 5. Nxd4 Nc6 6. e4 Bg7 7. Be3 O-O 8.
Be2 b6 9. O-O Bb7 10. f3 Rc8 11. Qd2 Nxd4 12. Bxd4 d6 13. Rfd1 Qc7 14. Rac1
Rfd8 15. b3 Qb8 16. Qb2 Bc6 17. b4 Bd7 18. Nd5 Nxd5 19. Bxg7 f6 20. Bh6 Nc7 21.
g4 Ne6 22. f4 Bc6 23. Bd3 Kf7 24. g5 Nxf4 25. gxf6 Nxd3 26. Rxd3 e5 27. Re1 Qb7
28. Qb3 Bxe4 29. c5+ Kxf6 30. Rxe4 Qxe4 31. Rf3+ Qxf3 32. Qxf3+ Ke7 33. Bg5+
1-0

[Event "Ïåðâåíñòâî Ìîñêâû"]
[Site "ÐœÐ¾Ñ�ÐºÐ²Ð°, ÐœÐ“Ð˜ÐœÐž Ð¿Ñ€."]
[Date "2018.11.19"]
[Round "3.6"]
[White "Êîêóåâà "]
[Black "Àíäðþøêåâè÷ "]
[Result "1-0"]
[WhiteElo "1717"]
[BlackElo "1323"]
[PlyCount "77"]
[EventDate "2018.11.18"]

1. e4 e5 2. Nf3 Nc6 3. Bc4 Nf6 4. d3 Be7 5. O-O O-O 6. Re1 d6 7. h3 h6 8. c3
Re8 9. Nbd2 a6 10. Bb3 Bf8 11. d4 exd4 12. cxd4 Bd7 13. e5 dxe5 14. dxe5 Nh7
15. Ne4 Nxe5 16. Nxe5 Rxe5 17. Bf4 Rf5 18. Bh2 Ng5 19. Nxg5 Rxg5 20. h4 Rg6 21.
Bc2 Rf6 22. Be5 Re6 23. Bf5 Re7 24. Bc2 Be6 25. Qf3 c6 26. Qe4 f5 27. Qf4 Qd7
28. Rad1 Qc8 29. g4 Rf7 30. g5 hxg5 31. hxg5 g6 32. Bf6 Bg7 33. Rd8+ Rf8 34.
Rxc8 Bxc8 35. Bxg7 Kxg7 36. Re7+ Rf7 37. Qe5+ Kg8 38. Re8+ Rf8 39. Bb3+ 1-0

[Event "Ïåðâåíñòâî Ìîñêâû"]
[Site "ÐœÐ¾Ñ�ÐºÐ²Ð°, ÐœÐ“Ð˜ÐœÐž Ð¿Ñ€."]
[Date "2018.11.19"]
[Round "3.7"]
[White "Èâàíîâà "]
[Black "Áûñòðîâà "]
[Result "1-0"]
[WhiteElo "1696"]
[BlackElo "1329"]
[PlyCount "60"]
[EventDate "2018.11.18"]

1. d4 d5 2. c4 c6 3. Nf3 Nf6 4. Nc3 e6 5. e3 Be7 6. Bd3 h6 7. O-O O-O 8. e4 Nh7
9. Qc2 f5 10. exf5 exf5 11. Ne5 Rf6 12. Qb3 Kf8 13. cxd5 cxd5 14. Nxd5 Be6 15.
Bc4 Bxd5 16. Bxd5 Nc6 17. Bg8 Nxd4 18. Ng6+ Ke8 19. Qa4+ b5 20. Qd1 Rxg6 21.
Bxh7 Rd6 22. Be3 Nc6 23. Qh5+ Kd7 24. Bxf5+ Kc7 25. Bf4 Kb6 26. Bxd6 Qxd6 27.
Be4 Rc8 28. Rac1 Bg5 29. Rxc6+ Rxc6 30. Bxc6 Qe5 {çàïèñü íå ÿñíà} 1-0